00554 2200217 4500001002100000008004100021035002000062245009200082100002000174250000600194260002900200300001200229084001400241082000800255650001300263990001200276990001200288990001200300990001200312990001200324INLIS000000000000822 ind  a0010-0524000057 aPendidikan Agama Kristen dan Budi Pekerti Pedoman Kehidupan 3 Kelas XIIcIra Desiawanti aDesiawanti, Ira a1 aYogyakarta :bAndic2019 a210 hlm a220 IRA p a220 aNonFiksi a0740959 a0740960 a0740961 a0740962 a0740963